00786nam a2200217Ia 4500003000900000008004100009020001800050040001600068080001900084100002600103245013800129260004600267300001500313650004100328650002200369650002600391650003100417942000700448999001700455952009600472IN-BaIIA211028s9999 xx 000 0 eng d a2-88124-719-9 cIIA Library a538.3:524bGIN aGinzburg, V. L.94051 0aApplications of electrodynamics in theoretical physics and astrophysicscV. L. Ginzburg  aNew YorkbGordon and Breach Sciencec1989 avii, 475p. aAstronomy and astrophysics thesaurus aAstrophysics9794 aElectrodynamics92319 aMathematical physics91525 cBK c10042d10042 00104070aBANbBANcGENd0000-00-00l0o538.3:524/ GINp10952r2021-11-05w0000-00-00yBK